| 000 | 00561nam a22001817a 4500 | ||
|---|---|---|---|
| 005 | 20251127120750.0 | ||
| 008 | 251121b |||||||| |||| 00| 0 eng d | ||
| 020 | _a978-93-91208958-5 | ||
| 041 | _aeng | ||
| 082 | _a615.19 SYE-H | ||
| 100 |
_aSYED, DR. JEHATH. 2-CHALASANI, DR. SRI HARSHA 3- PEREIA, DR. PRATHIBHA. 4- RAMESH, M _98772 |
||
| 245 | _aHANDBOOK OF ESSENTIAL MEDICINES IN GERIATRICS | ||
| 250 | _a1 ST ED. 2023 | ||
| 260 |
_aNEW DELHI _bINNOVATIVE PUBLICATION PVT.LTD _c2023 |
||
| 300 | _a149;P | ||
| 650 |
_aPHARMACY _xB.PHARMA |
||
| 942 | _cBK | ||
| 999 |
_c8947 _d8945 |
||